Histeria y obsesión /

Obra que reúne las ponencias presentadas en el IV Encuentro Internacional del Campo Freudiano, celebrado en París, Francia, en 1986. El objetivo fue analizar la estructura y diferencias entre la histeria y la obsesión, así como replantear el abordaje clínico para el diseño de un tratamiento efectivo...

ver descrição completa

Na minha lista:
Detalhes bibliográficos
Autor Corporativo: Encuentro Internacional del Campo Freudiano ( París, Francia)
Outros Autores: Rabinovich, Diana S. (traducción) (traducción)
Formato: Procedimiento de la conferencia Livro
Idioma:espanhol
Publicado em: Buenos Aires, Argentina : Manantial : 1986, c1986
Assuntos:
Tags: Adicionar Tag
Sem tags, seja o primeiro a adicionar uma tag!

MARC

LEADER 00000nam^a2200000^a^4500
001 000186853
005 20250521000000.0
009 20260310102240.33
020 |a 950-9515-08-6 
037 |a Acervo ITESO - Biblioteca 
041 |a ESP 
082 |a 150. 1952  |b ENC 1986 
111 |a Encuentro Internacional del Campo Freudiano (  |n 4º :  |d 1986 :  |c París, Francia) 
245 1 0 |a Histeria y obsesión /  |c Encuentro Internacional del Campo Freudiano ; tr. por D.S. Rabinovich... [et al.]. 
264 4 |a Buenos Aires, Argentina :  |b Manantial :  |c 1986, c1986 
300 |a 260 p. 
336 |a texto  |b txt  |2 rdacontenido 
337 |a sin mediación  |b n  |2 rdamedio 
338 |a volumen  |b nc  |2 rdasoporte 
500 |a Traducción de: Histérie et obsession 
520 |a Obra que reúne las ponencias presentadas en el IV Encuentro Internacional del Campo Freudiano, celebrado en París, Francia, en 1986. El objetivo fue analizar la estructura y diferencias entre la histeria y la obsesión, así como replantear el abordaje clínico para el diseño de un tratamiento efectivo en su cura. 
649 |a XX 
650 |a Psicoanálisis Freudiano -  |x Congresos -  |x Tema Principal 
650 |a Histeria -  |x Tema Principal 
650 |a Obsesión -  |x Tema Principal 
650 |a Neurosis Obsesivo-Compulsiva 
650 |a Neurosis 
650 |a Psicopatología 
650 |a Psicoterapia Psicoanalítica 
650 |a Psicología Clínica 
650 |a Psicoanálisis 
650 |a Psicología 
700 |a Rabinovich, Diana S.  |e (traducción) 
910 |a Fondo Armando Suárez Gómez 
920 |a Impresos - Libros 
930 |a Fondos Especiales 
905 |a 111 
901 |a 0700002879  |b IT2  |c ESP  |u 20250521 
902 |a https://opac.biblio.iteso.mx/vufind/Record/000186853